000 00581nmm a2200157Ia 4500
008 251105s9999||||xx |||||||||||||||||und||
020 _a9788431539542
041 _aspa
100 _aEquipo de expertos 2100, Equipo de expertos 2100
245 0 _aMagia y prestidigitación. Gran curso de magia con las cartas, magia de salón, mentalismo, magia matemática
264 _a[Madrid, España] :
_bDe Vecchi,
_c[Fecha de publicación no identificada]
300 _a0 páginas
650 _aTravel & Sports
856 _uhttps://public.digitaliapublishing.com/a/122230
942 _cCF
999 _c81529
_d81529